000 00548nam a2200217Ia 4500
003 OSt
005 20221007082645.0
006 a|||||r|||| 00| 0
007 ta
008 221006b |||||||| |||| 00| 0 eng d
024 _a21,004
037 _cTextual
040 _aFLL
_cFLL
_beng
041 _2eng
_aeng
082 _aX:54;1,k,N480a, L6
100 _aGupta K.R.
245 0 _aGatt and underdeveloped countries
260 _c1976
942 _hX:54;1,k,N480a, L6
_cTEXL
_2CC
999 _c1167240
_d1167240